000 00578nam a22001937a 4500
005 20171011152408.0
010 _aENG-120970
020 _c975.00
_a9788178359786
035 _aEN-104502
037 _bDBAD/PUB
082 _a362.80954
100 _aKshirsagar, R.K.
245 _aReservation:
_ba quest for justice /
_cby R.K. Kshirsagar
260 _aDelhi
_bKalpaz
_c2013
270 _bDelhi
_e110052
_aC-30, Satyawati Nagar
300 _a326p.
_c22cm(Hb)
500 _aIncludes bibliographical references and Index
942 _2ddc
_cEN
_h362.80954
_mKSH
999 _c146466
_d146466